Sonate per piano (3) (Record n. 100268)
[ formato base ]
| 000 -LEADER | |
|---|---|
| fixed length control field | 00941njm a2200265Ia 4500 |
| 001 - CONTROL NUMBER | |
| control field | 25931 |
| 003 - CONTROL NUMBER IDENTIFIER | |
| control field | IT-RoPAU |
| 005 - DATE AND TIME OF LATEST TRANSACTION | |
| control field | 20220918181127.0 |
| 008 - FIXED-LENGTH DATA ELEMENTS--GENERAL INFORMATION | |
| fixed length control field | 131025s9999 xx 000 0 und d |
| 040 ## - CATALOGING SOURCE | |
| Original cataloging agency | IT-RoPAU |
| 040 ## - CATALOGING SOURCE | |
| Transcribing agency | IT-RoPAU |
| 999 ## - SYSTEM CONTROL NUMBERS (KOHA) | |
| Koha Dewey Subclass [OBSOLETE] | NO |
| 100 ## - MAIN ENTRY--PERSONAL NAME | |
| Personal name | Beethoven Ludwig Van |
| 9 (RLIN) | 14957 |
| 100 ## - MAIN ENTRY--PERSONAL NAME | |
| Relator term | Autore musica |
| 9 (RLIN) | 14958 |
| 100 ## - MAIN ENTRY--PERSONAL NAME | |
| Miscellaneous information | Codice autore musica SPICS: 10721 |
| 9 (RLIN) | 14959 |
| 245 ## - TITLE STATEMENT | |
| Title | Sonate per piano (3) |
| 250 ## - EDITION STATEMENT | |
| Edition statement | 1a ed. |
| 260 ## - PUBLICATION, DISTRIBUTION, ETC. (IMPRINT) | |
| Place of publication, distribution, etc. | ROMA |
| 260 ## - PUBLICATION, DISTRIBUTION, ETC. (IMPRINT) | |
| Name of publisher, distributor, etc. | SPICS RECORDS |
| Date of publication, distribution, etc. | 1985 [1a Ed.:1985] |
| 300 ## - PHYSICAL DESCRIPTION | |
| Extent | MUSICASSETTA |
| 500 ## - GENERAL NOTE | |
| General note | Musica classica, strumentale |
| 505 ## - FORMATTED CONTENTS NOTE | |
| Formatted contents note | Sonata per pf n 15 in re maggiore op 28 (1801) - Sonata per pf n 18 in mi maggiore op 31 n 3 (1802) - Sonata per pf n 32 in do op 111 (1822) - Sonata per pf n 19 in sol op 49 n 1 (1798) - Sonata per pf n 20 in sol maggiore op 49 n 2 (1796) |
| 650 ## - SUBJECT ADDED ENTRY--TOPICAL TERM | |
| Topical term or geographic name as entry element | CLASSICA [CASSETTE] |
| Relator term | Codice MATERIA SPICS: 9951 |
| 9 (RLIN) | 14960 |
| 942 ## - ADDED ENTRY ELEMENTS (KOHA) | |
| Koha item type | MUSICASSETTE |
| Source of classification or shelving scheme | Dewey Decimal Classification |
| Withdrawn status | Lost status | Damaged status | Not for loan | Home library | Current library | Date acquired | Total Checkouts | Full call number | Date last seen | Price effective from | Koha item type | Public note |
|---|---|---|---|---|---|---|---|---|---|---|---|---|
| Buone Condizioni | Not For Loan | SPICS-MEDIATECA | SPICS-MEDIATECA | 25/10/2013 | 25931 | 25/10/2013 | 25/10/2013 | MUSICASSETTE | Progr. Ins.: 5804 / N.Vol.: 1 / Copie: 1 - Copia rara: NO / date import: 01.01.2014 - By Epidotti, Trombetti, Vaglietti |